000 01211nam a2200337 i 4500
001 000014584
003 DO-SdBNP
005 20241030114426.0
007 ta
008 100115s1986 dr 001 0 spa d
040 _aDO-SdBNP
_bspa
_cBNPHU
_erda
082 4 _a331.11
_bD812t
_222
100 1 _aDuarte, Isis
_eautora
_92123
245 1 0 _aTrabajadores urbanos :
_bensayos sobre fuerza laboral en la República Dominicana /
_cIsis Duarte.
264 _aSanto Domingo :
_bEditora Universitaria-UASD,
_c1986.
300 _a314 páginas ;
_c22 cm.
336 _2rdacontent
_atexto
_btxt
337 _2rdamedia
_asin mediación
_bn
338 _2rdacarrier
_avolumen
_bnc
490 _aPublicaciones de la Universidad Autónoma de Santo Domingo
_v519
490 _aEsstudios sociales
_v1
500 _aIncluye referencias bibliográficas y notas al pie de las páginas
504 _aBibliografía : p. 295-299.
590 _aInventariado, 2024/BT
650 4 _aTrabajadores
_zRepública Dominicana
_92452
650 4 _aCompensaciones a los trabajadores
_933022
650 4 _aClase trabajadora
_914034
650 4 _aSeguridad social
_914448
910 _aValidado. Control de calidad EMS
942 _2ddc
_cLBS1
999 _c14170
_d14170